| 000 | 01109nam a2200253Ia 4500 | ||
|---|---|---|---|
| 999 |
_c5004 _d5004 |
||
| 003 | OSt | ||
| 005 | 20200422110848.0 | ||
| 008 | 191128s2013 ck gr 000 0dspa d | ||
| 020 | _a9789588713335 | ||
| 040 |
_aCO-JMCR _cCO-JMCR |
||
| 041 | 0 | _aspa | |
| 082 |
_a303.64 / _bR396e |
||
| 082 | _b | ||
| 100 | 1 |
_aRizo Otero Harold José, _eautor _93362 |
|
| 245 | 0 |
_aEvolución del conflicto armado en Colombia e Iberoamérica tomo II : _bHechos de paz durante el segundo mandato del Presidente álvaro Uribe Vélez / _cHarold José, Rizo Otero |
|
| 260 |
_aCali : _bUniversidad Autónoma de Occidente, _c2013 |
||
| 300 |
_a509 páginas ; _c24 cm. |
||
| 504 | _aBibliografía: páginas 505-509. | ||
| 505 | _aLa busqueda de la paz en el gobierno del presidente Álvaro Uribe Vélez -- Carta abierta de la Farc -- Primeros contactos con las autodefensas -- El ELN suspende dialogos con el gobierno -- Se inician diálogos con las autodefensas | ||
| 650 | 1 | 4 |
_aConflicto armado _zColombia _93369 |
| 650 | 2 | 4 |
_aGuerrillas _zColombia _93370 |
| 650 | 2 | 4 |
_aViolencia política _zColombia _93371 |
| 942 |
_2ddc _cBK |
||